000
00315nam a2200121 a 4500
005
20140414131926.0
008
101027s19uu xx 00 eng d
050
_a
ER
_b
B96 1989
100
_a
Patrick, Denise Lewis
245
_a
The busy band parade.
260
_a
New York :
_b
Golden Book,
_c
1989.
999
_c
112000
_d
112000